Lord of the Rings: Character's other name - Statistics

General Stats
  • This quiz has been taken 62 times
  • The average score is 9 of 18
Answer Stats
Hint Answer % Correct
Aragorn Strider
93%
Meriadoc Merry
89%
Peregrin Pippin
89%
Gollum Smeagol
89%
Grima Wormtongue
87%
Gandalf Mithrandir
82%
Legolas Greenleaf
71%
Arwen Undomiel
65%
Sauron Annatar
47%
Saruman Sharkey
47%
Eowyn Dernhelm
29%
Celeborn Teleporno
29%
Gil-galad Ereinion
25%
Galadriel Nerwen
20%
Cirdan Ciryatan
16%
Tom Bombadil Iarwain
15%
Radagast Aiwendil
13%
Gimli Lockbearer
9%
No matching quizzes found
Score Distribution
Percent of People with Each Score
Percentile by Number Answered
Your Score History
You have not taken this quiz